| 000 | 00418nam a2200121Ia 4500 | ||
|---|---|---|---|
| 008 | 220204s9999 xx 000 0 und d | ||
| 082 |
_a338.43.01 _bNAB.41 |
||
| 100 | _aMujumdar, N A | ||
| 245 | 0 | _aRisk philosophy: An enquiry into risks and uncertainties in agriculture and the role of credit | |
| 260 |
_aMumbai _bNational Bank for Agriculture & Rural Development _c2005 |
||
| 490 | _aOccasional paper.41 | ||
| 942 | _cBK | ||
| 999 |
_c44206 _d44206 |
||